| 000 | 00818nam a2200253 a 4500 | ||
|---|---|---|---|
| 008 | |||
| 020 | _a0751751375 (pbk. ) | ||
| 049 | _aMAIN | ||
| 090 | _aHF5635 INS | ||
| 100 | _aInstitute of Chartered Secretaries and Administrators. | ||
| 245 | 0 | 0 |
_aFinancial accounting : _bprofessional paper 13 / _cInstitute of Chartered Secretaries and Administrators. |
| 250 | _a7th ed. | ||
| 260 |
_aLondon : _bBPP Publishing, _c2000. |
||
| 300 |
_axiv, 555 p. : _bill. ; _c30 cm. |
||
| 440 | _aICSA study text. | ||
| 500 | _aIncludes index. | ||
| 650 | 0 | _aFinancial Accounting. | |
| 650 | 0 |
_aFinancial Accounting _vProblems, exercises, etc.. |
|
| 907 |
_a.b1024198x _b10-05-07 _c03-05-07 |
||
| 003 | |||
| 005 | 20230123134436.0 | ||
| 040 | _cNUST | ||
| 942 |
_cBOOKS _kHF5635 INS |
||
| 999 |
_c166005 _d166005 |
||